000 00659cam a22002411 4500
001 sa 63001496
003 DLC
005 20260227111928.0
008 900102s1962 ii ch b 000 0 beno
010 _asa 63001496
035 _a(OCoLC)20838791
040 _aDLC
_cWaU
_dDLC
042 _apremarc
043 _aa-ii---
050 0 0 _aPK1712
_b.D3
100 1 _aDāsa, Sajanīkānta,
_d1900-1962.
245 1 0 _aBāṃlā gadyasāhityera itihāsa.
260 _c[1962]
300 _a14, 440 p.
_bports., facsims.
_c23 cm.
500 _aIn Bengali.
504 _aBibliographical footnotes.
650 0 _aBengali prose literature
_xHistory and criticism.
999 _c53991
_d53991